000 00362nam a2200133Ia 4500
008 150202s9999 xx 000 0 und d
020 _a373226330
050 _aFIC
_bFIC
100 _aYork, Rebecca.
245 _aIntrigue :
_bnever alone /
_cRebecca York.
260 _aCanada :
_bHarlequin Books,
_c2001.
300 _a248 pages :
_c18 cm.
650 _aFiction.
999 _c282476
_d282476